Pokemon that contain the letter P - Statistics

General Stats
  • This quiz has been taken 273 times
  • The average score is 131 of 187
Answer Stats
Generation Type Pokemon % Correct
I Electric Pikachu
95%
II Electric Pichu
93%
I Normal/Flying Pidgeot
92%
I Normal/Flying Pidgeotto
92%
I Normal/Flying Pidgey
92%
V Water Panpour
89%
V Grass Pansage
89%
V Fire Pansear
89%
IV Water Piplup
89%
II Grass/Flying Jumpluff
86%
I Water Poliwag
86%
I Water Poliwhirl
86%
I Water/Fighting Poliwrath
86%
VIII Grass/Dragon Appletun
85%
VIII Grass/Dragon Applin
85%
II Grass/Flying Hoppip
85%
III Water/Flying Pelipper
85%
I Normal Porygon
85%
IV Water Prinplup
85%
V Fire Tepig
85%
I Bug Caterpie
84%
VIII Grass/Dragon Flapple
84%
II Normal Porygon2
84%
IV Normal Porygon-Z
84%
II Grass/Flying Skiploom
84%
IV Water/Steel Empoleon
82%
I Bug/Grass Paras
82%
I Bug/Grass Parasect
82%
V Fire/Fighting Pignite
82%
I Fighting Primeape
82%
II Ground Donphan
81%
I Water/Ice Lapras
81%
VI Fighting Pancham
81%
VI Fighting/Dark Pangoro
81%
V Dark/Steel Pawniard
81%
II Ground Phanpy
81%
II Water Politoed
81%
I Normal/Fairy Jigglypuff
79%
I Fighting Machop
79%
I Bug Metapod
79%
V Normal/Flying Pidove
79%
III Electric Plusle
79%
I Fire Ponyta
79%
VII Water Popplio
79%
I Grass/Poison Weepinbell
79%
IV Electric Pachirisu
78%
IV Water/Dragon Palkia
78%
VI Ghost/Grass Pumpkaboo
78%
IV Poison/Bug Skorupi
78%
III Psychic Spoink
78%
I Grass/Poison Vileplume
78%
I Grass/Poison Bellsprout
77%
V Dark/Steel Bisharp
77%
I Fighting Machamp
77%
I Normal Persian
77%
I Bug Pinsir
77%
V Dark Purrloin
77%
III Fire/Ground Camerupt
75%
IV Poison/Dark Drapion
75%
II Fighting Hitmontop
75%
III Dark Poochyena
75%
IV Normal Purugly
75%
V Water Simipour
75%
I Normal/Flying Spearow
75%
II Bug/Poison Spinarak
75%
II Water/Ground Wooper
75%
II Electric Ampharos
74%
I Psychic Hypno
74%
IV Normal Lopunny
74%
VI Ghost/Grass Phantump
74%
IV Water Phione
74%
VII Water/Fairy Primarina
74%
V Water Tympole
74%
I Electric/Flying Zapdos
74%
V Rock/Flying Archeops
73%
II Electric Mareep
73%
VII Ghost/Ground Palossand
73%
V Water/Ground Palpitoad
73%
VIII Electric Pincurchin
73%
III Psychic Grumpig
71%
I Rock/Water Kabutops
71%
V Normal Lillipup
71%
V Normal Patrat
71%
IX Electric Pawmi
71%
IX Electric/Fighting Pawmo
71%
VII Normal/Flying Pikipek
71%
VII Water Pyukumuku
71%
III Normal Spinda
71%
III Water/Ground Swampert
71%
II Normal Aipom
70%
IV Normal Ambipom
70%
IX Fighting/Ghost Annihilape
70%
VII Water/Bug Dewpider
70%
V Dark Liepard
70%
IV Water Manaphy
70%
III Water/Ground Marshtomp
70%
IX Electric/Fighting Pawmot
70%
V Grass Petilil
70%
II Ice/Ground Piloswine
70%
VII Poison Poipole
70%
III Water/Dark Sharpedo
70%
VI Fire/Psychic Delphox
68%
VII Normal/Dragon Drampa
68%
VI Electric/Normal Helioptile
68%
III Water Mudkip
68%
II Bug Pineco
68%
I Water Psyduck
68%
I Fire Rapidash
68%
III Grass Sceptile
68%
V Bug/Poison Scolipede
68%
V Bug/Poison Venipede
68%
VIII Dragon/Ghost Dreepy
67%
II Psychic Espeon
67%
IV Dragon/Ground Garchomp
67%
VIII Fighting Grapploct
67%
IV Normal Happiny
67%
V Ghost/Fire Lampent
67%
III Rock/Grass Lileep
67%
VIII Electric/Dark Morpeko
67%
V Bug/Poison Whirlipede
67%
VII Bug/Water Wimpod
67%
VIII Electric Yamper
67%
VIII Steel Copperajah
66%
VIII Dragon/Ghost Dragapult
66%
I Water Magikarp
66%
IV Rock/Steel Probopass
66%
VI Fire/Normal Pyroar
66%
V Grass Serperior
66%
III Poison Seviper
66%
III Ground Trapinch
66%
III Water Clamperl
64%
VI Psychic Espurr
64%
VII Fighting Passimian
64%
VIII Steel Perrserker
64%
III Ghost Shuppet
64%
I Water/Psychic Slowpoke
64%
II Fire Typhlosion
64%
I Fire Vulpix
64%
VIII Bug Blipbug
63%
VI Grass Chespin
63%
IV Ground Hippopotas
63%
VIII Dark/Fairy Impidimp
63%
III Rock Nosepass
63%
VII Bug/Fighting Pheromosa
63%
IV Ground/Rock Rhyperior
63%
IV Ghost/Dark Spiritomb
63%
III Grass/Flying Tropius
63%
VII Bug/Water Golisopod
62%
IV Ground Hippowdon
62%
IV Fire/Fighting Infernape
62%
IX Water Palafin
62%
II Rock/Ground Pupitar
62%
II Fairy Togepi
62%
III Bug Wurmple
62%
III Water Corphish
60%
III Ghost Dusclops
60%
IV Normal/Flying Staraptor
60%
III Poison Gulpin
59%
VI Bug Spewpa
59%
VIII Fighting Clobbopus
58%
IV Psychic Mesprit
58%
IV Rock Rampardos
58%
VI Fairy Spritzee
58%
VII Electric/Fairy Tapu Koko
58%
IX Grass Capsakid
56%
VI Psychic/Ghost Hoopa
56%
III Ice/Water Spheal
56%
VII Grass/Fairy Tapu Bulu
56%
VIi Water/Fairy Tapu Fini
56%
VII Psychic/Fairy Tapu Lele
55%
IX Psychic Espathra
53%
IX Bug Spidops
53%
IX Grass Sprigatito
53%
I Water Vaporeon
53%
IV Bug/Flying Vespiquen
53%
III Normal Exploud
52%
VIII Fire/Bug Sizzlipede
52%
VI Fairy Slurpuff
52%
V Psychic/Flying Sigilyph
51%
VI Poison/Water Skrelp
51%
IX Dark/Ice Chien-Pao
49%
II Normal Dunsparce
48%
VIII Ghost Polteageist
48%
VII Poison/Water Toxapex
48%
IX Normal Dudunsparce
47%
VIII Ghost Spectrier
38%
VII Normal Type: Null
33%
No matching quizzes found
Score Distribution
Percent of People with Each Score
Percentile by Number Answered
Your Score History
You have not taken this quiz